Law : (Record no. 5173)

MARC details
000 -LEADER
fixed length control field 00997nam a22002897a 4500
008 - FIXED-LENGTH DATA ELEMENTS--GENERAL INFORMATION
fixed length control field 120914t xxu||||| |||| 00| 0 eng d
082 ## - DEWEY DECIMAL CLASSIFICATION NUMBER
Classification number 346.05 BAK
Item number
100 ## - MAIN ENTRY--PERSONAL NAME
Personal name Baker, Juliet
9 (RLIN) 6623
245 ## - TITLE STATEMENT
Title Law :
Remainder of title ownership and trusteeship-rights and responsibilities /
Statement of responsibility, etc Baker, Juliet…(et. al)
250 ## - EDITION STATEMENT
Edition statement 2 ed.
260 ## - PUBLICATION, DISTRIBUTION, ETC. (IMPRINT)
Place of publication, distribution, etc Guildford :
Name of publisher, distributor, etc college of law publishing
Date of publication, distribution, etc 2011
300 ## - PHYSICAL DESCRIPTION
Extent xiv. ; 303 p. :
Other physical details ill. ;
Dimensions 30 cm.
500 ## - GENERAL NOTE
General note Includes Index
650 ## - SUBJECT ADDED ENTRY--TOPICAL TERM
Topical term or geographic name as entry element Trusts and trustees -- England
650 ## - SUBJECT ADDED ENTRY--TOPICAL TERM
Topical term or geographic name as entry element Trusts and trustees -- Wales
9 (RLIN) 6624
650 ## - SUBJECT ADDED ENTRY--TOPICAL TERM
Topical term or geographic name as entry element Property -- England
9 (RLIN) 6625
650 ## - SUBJECT ADDED ENTRY--TOPICAL TERM
Topical term or geographic name as entry element Property -- Wales
9 (RLIN) 6626
650 ## - SUBJECT ADDED ENTRY--TOPICAL TERM
Topical term or geographic name as entry element Equity -- England
9 (RLIN) 594
650 ## - SUBJECT ADDED ENTRY--TOPICAL TERM
Topical term or geographic name as entry element Equity -- Wales
9 (RLIN) 596
650 ## - SUBJECT ADDED ENTRY--TOPICAL TERM
Topical term or geographic name as entry element Law : ownership and trusteeship-rights and responsibilities
9 (RLIN) 6627
700 ## - ADDED ENTRY--PERSONAL NAME
Personal name Carter, Elaine
9 (RLIN) 6628
700 ## - ADDED ENTRY--PERSONAL NAME
Personal name Jones, Richard
9 (RLIN) 6629
700 ## - ADDED ENTRY--PERSONAL NAME
Personal name Mawer, Louise
9 (RLIN) 6630
700 ## - ADDED ENTRY--PERSONAL NAME
Personal name Rawcliffe, Lisa
9 (RLIN) 6631
700 ## - ADDED ENTRY--PERSONAL NAME
Personal name Williams Gill
9 (RLIN) 6632
942 ## - ADDED ENTRY ELEMENTS (KOHA)
Source of classification or shelving scheme Dewey Decimal Classification
Item type Books
Holdings
Withdrawn status Lost status Source of classification or shelving scheme Damaged status Not for loan Home library Current library Date acquired Total Checkouts Full call number Barcode Date last seen Copy number Price effective from Koha item type Public note
    Dewey Decimal Classification     Archives Archives 09/14/2012   346.05 BAK 3924/2012 09/14/2012 1 09/14/2012 Books Reserve book
    Dewey Decimal Classification     Archives Archives 09/14/2012   346.05 BAK 3925/2012 09/14/2012 2 09/14/2012 Books Reserve book
    Dewey Decimal Classification     Archives Archives 09/14/2012   346.05 BAK 3926/2012 09/14/2012 3 09/14/2012 Books Reserve book